000 01813nam a2200289Ia 4500
999 _c36782
_d36782
001 2721
003 GE_BSU
005 20190605171654.0
008 181216s||||||||xx |||||||||||||| ||und||
020 _a9789941401848
040 _cGE_BSU
041 _ageo
080 _a81(479.9) ი-72
245 _aFolia Caucasica : იოსტ გიპერტის დაბადებიდან 55-ე წლისთავისადმი მიძღვნილი საიუბილეო კრებული /
_cიოჰან ვოლფგანგ გოეთეს უნ-ტი (ფრანკფურტი), ივ. ჯავახიშვილის სახ. თსუ, კლასიკური ფილოლოგიის, ბიზანტინისტიკისა და ნეოგრეცისტიკის ინ-ტი ; რედ.: მანანა თანდაშვილი, ზაქარია ფურცხვანიძე.
264 _aთბილისი,
_c2011
300 _a229 გვ.;
_b229 სმ.
653 _aძველი ქართული ენა
653 _aქართული ხელნაწერები
653 _aკავკასიოლოგია
653 _aკავკასიური ენები
700 _aბერიძე, მარინე
_eავტორი
_92136
700 _a Boeder, Winfried
_eავტორი
_92137
700 _aდობორჯგინიძე, ნინო და სხვ.
_eავტორი
_92138
700 _aთანდაშვილი, მანანა
_eრედაქტორი
_92139
700 _aფურცხვანიძე, ზაქარია
_eრედაქტორი
_92140
942 _cBK
_2udc